Soviet strength and strategy in Asia

में बचाया:
ग्रंथसूची विवरण
मुख्य लेखक: Spector, Ivar
स्वरूप: पुस्तक
भाषा:Undetermined
प्रकाशित: Seattle Superior Pub. Co. 1950
विषय:
टैग : टैग जोड़ें
कोई टैग नहीं, इस रिकॉर्ड को टैग करने वाले पहले व्यक्ति बनें!
Thư viện lưu trữ: Trung tâm Học liệu Trường Đại học Cần Thơ
LEADER 00512nam a2200193Ia 4500
001 CTU_89821
008 210402s9999 xx 000 0 und d
082 |a 327.47 
082 |b S741 
100 |a Spector, Ivar 
245 0 |a Soviet strength and strategy in Asia 
245 0 |c Ivar Spector 
260 |a Seattle 
260 |b Superior Pub. Co. 
260 |c 1950 
650 |a Foreign relations 
650 |z Soviet Union,Asia 
904 |i Bằng 
980 |a Trung tâm Học liệu Trường Đại học Cần Thơ